Statistics for Fifa 21 Top 50 Centre-Midfielders

Click here to take the quiz!

General Stats

  • This quiz has been taken 58 times
  • The average score is 26 of 50

Answer Stats

RatingClubPlayer% Correct
88Real MadridToni Kroos
100%
87Real MadridLuka Modric
98%
86Manchester UnitedPaul Pogba
98%
85FC BarcelonaFrenkie De Jong
89%
86PSGMarco Verratti
89%
85Atletico MadridKoke
82%
81Vissel KobeAndres Iniesta
80%
85Villarreal CFDaniel Parejo
69%
85LazioSergej Milinkovic-Savic
69%
85LiverpoolGeorginio Wijnaldum
67%
84Bayern MunichLeon Goretzka
67%
85LiverpoolThiago Alcantara
67%
84Atletico MadridSaul Niguez
62%
83Manchester CityIlkay Gundogan
60%
83Real MadridFederico Valverde
58%
83ChelseaJorginho
58%
83EvertonAllan
53%
80LiverpoolJames Milner
53%
82Atletico MadridMarcos Llorente
53%
83ChelseaMateo Kovacic
53%
83Guangzhou EvergrandePaulinho
53%
84ArsenalThomas Partey
53%
83Inter MilanArturo Vidal
51%
84Piemonte CalcioArthur
49%
82Sevilla FCIvan Rakitic
49%
83WolvesJoao Moutinho
49%
85FC BarcelonaMiralem Pjanic
49%
82WolvesRuben Neves
49%
81Leicester CityYouri Tielemans
49%
82Borussia DortmundEmre Can
44%
80Inter MilanNicolo Barella
44%
81Piemonte CalcioAdrien Rabiot
42%
80Bayern MunichCorentin Tolisso
42%
82NapoliFabian Ruiz
40%
83RB LeipzigMarcel Sabitzer
40%
81LiverpoolNaby Keita
40%
82Piemonte CalcioAaron Ramsey
38%
83Al-ShababEver Banega
38%
81Olympique LyonHoussem Aouar
38%
82Real BetisSergio Canales
36%
81RB LeipzigKevin Kampl
33%
80Real SociedadMikel Merino
31%
83Beijing GuoanRenato Augusto
31%
83Manchester UnitedDonny Van De Beek
29%
82Tottenham HotspurGiovani Lo Celso
27%
80NapoilPiotr Zielinski
27%
81Atletico MadridHector Herrera
24%
80Bayer LeverkusenKerem Demirbay
24%
81Dalian YifangMarek Hamsik
20%
81Piemonte CalcioSami Khedira
16%

Score Distribution

Percentile by Number Answered

Percent of People with Each Score

Your Score History

You have not taken this quiz